Stati per tasso di mortalità - Asia - Statistics

Statistiche generali
  • Questo quiz è stato fatto 5 volte
  • Il punteggio medio è 7 su 10
Statistiche sulle risposte
Tasso di mortalità (morti/ 1000 abitanti) Nazione % Corretto
12,08 Afghanistan
100%
7,82 Cina
100%
9,66 Corea del Nord
100%
11,74 Giappone
80%
9,65 India
80%
8,05 Kazakistan
60%
7,86 Thailandia
60%
13,27 Russia
40%
9,54 Armenia
20%
10,76 Georgia
20%
Nessun quiz corrispondente trovato
Distribuzione punteggi
Percentuale di utenti per punteggio
Percentile per numero di risposta
I tuoi punteggi nel tempo
Non hai fatto questo quiz